000 00704nam a2200241 a 4500
001 BRCA_3699
005 20190320204404.0
008 080909s195?----fr-a---###---#000-0#fre-#
041 _afre
044 _afr
050 4 _aNK2547
_b.M48 14
_c1959
245 1 0 _aMeubles et ensembles
_bBretons
_cintroduction par Stany Gauthier
260 _aParis
_bCh. Massin
_c[1959]
300 _a1 v. (sin paginación)
_bil., 36 láminas
_c29 cm.
440 0 _aMeubles et ensembles
_v14
_99609
500 _aB336
650 1 4 _aMuebles
_zBretaña, Francia
_99610
650 1 4 _aMuebles franceses
_99611
650 1 4 _aMuebles Luis XV
_99612
700 1 _aGauthier, Stany
_eintrod
_99613
902 _aGFM
942 _2lcc
_cB
999 _c3429
_d3429